000
00339nam a2200157Ia 4500
001
8129
003
GE_BSU
008
181216s||||||||xx |||||||||||||| ||und||
040
_c
GE_BSU
245
_a
Le Point, №2144.17 octobre 2013.
260
_a
Paris.
260
_c
2013.
300
_a
98pg.27cm. ill.
653
_a
Le Point
942
_c
CR
999
_c
41463
_d
41463